| 000 | 00630nam a2200205Ia 4500 | ||
|---|---|---|---|
| 999 |
_c41503 _d41503 |
||
| 001 | 8170 | ||
| 003 | GE_BSU | ||
| 005 | 20240402110936.0 | ||
| 008 | 181216s2011||||enk|||||||||||||| ||eng|| | ||
| 020 | _a9789171040886 | ||
| 040 | _cGE_BSU | ||
| 041 | _aeng | ||
| 080 | _a930.85(479) L-22 | ||
| 245 |
_aLanguage History and cultural identites in the caucasus : _bPaper from the conference,June 17-19, 2005, Malmo / _cEdited by : karina Vamling. |
||
| 250 | _a(caucasus studies 2) | ||
| 264 |
_aMalmo : _c2010. |
||
| 300 |
_a167 p; _c24 cm. |
||
| 653 | _aLanguage History and cultural identites in the caucasus | ||
| 942 |
_cBK _2udc |
||